000 00778cem a22001935a 4500
001 L140402
008 070920s1776 xxk a 0 h eng u
035 _a(Sirsi) u140402
041 0 _aeng
100 1 _aWalton, W.
245 0 2 _aA survey of the Parish of Sutton St James in Lincolnshire
_bthe rectory impropriate whereof together with the advowson of the vicarage belongs to Thomas Leigh Bennett Esq., the survey taken in the year 1776 by W. Walton
_h[cartographic material]
255 _aScale 1:9504
260 _c1776
300 _a1 ms. map
_bparchment, col.
_c36 x 47 cm.
500 _aA manuscript map with some hand colouring.
651 4 _aLincolnshire
690 _aENVIRONMENTAL AND LAND CONSULTANCY-GEOMATICS-MAPPING AND POSITIONING-CARTOGRAPHY
942 _n0
999 _c116865
_d116865